01350 2200241 4500001002100000005001500021035002000036007000300056008004100059020002200100082001400122084002000136100002300156245007400179250002600253260003600279300002700315520071200342600001501054990001301069990001301082990001301095INLIS00000000000841220220309015026 a0010-0322000431ta220309 g 1 ind  a978-623-228-764-8 a899.222 1 a899.222 1 SUW k0 aSUWARDI ENDRASWARA1 aKELIR BENING :bAntologi Geguritan Antropologis /cSUWARDI ENDRASWARA aCetakan Pertama, 2020 aYogyakarta :bGraha Ilmu,c2020 axx + 152 ;c17 x 24 cm aAntologi puisi yang terdapat dalam antologi ini sungguh luar biasa, bukan sekedar puisi seperti biasanya. Penulis menyebutnya puisi antropologis. Artinya, puisi yang muncul adalah karya yang berhubungan dengan kemanusiaan. Puisi tersebut berisi berbagai macam kehidupan manusia, yang diperlakukan sebagai etnografi. Karena etnografi merupakan ciri khas dari antropologi. Puisi antropologi, bisa juga disebut puisi etnografi. Puisi-puisi antropologi akan menampilkan karya-karya yang diperoleh dari pengalaman penulis saat bepergian. Bahkan terkadang, puisi antropologi juga memuat beberapa karya hasil diskusi. Untuk mengetahui seberapa segarnya, silakan baca mengapa gurita antropologis ini begitu populer. 4aPuisi Jawa a022.7879 a022.7880 a022.7881